000 00608nam a2200241Ia 4500
005 20250425162209.0
008 250425s9999 xx 000 0 und d
020 _a8427985401
041 _aspa
043 _asp
082 _a305.8
110 _aGRUPO LIBRO 88
245 0 _aLAS RAZAS HUMANAS: 500 PUEBLOS. CÓMO SON Y DÓNDE VIVEN: FELLAHIN - IMRAGUEN. LA LUCHA POR LA SUPERVIVENCIA
250 _a1A ED.
260 _aBARCELONA
260 _aEspaña
_bNOGUER S.A.
_c1990
300 _a380
650 _aFELLAHIN
650 _aIMRAGUEN
650 _aRAZAS
942 _c01
010 _a55576
999 _c224333
_d224333